01356 a2200205 4500020001500000040003300015082001200048100002100060245008500081250001200166260005400178300004400232500027100276500009000547538025400637650002500891700002000916740006400936740015001000 a0130856347 aLibrary of CongressbEnglish a621.3811 aTocci, Ronald J.10aDigital systems : principles and applications cRonald J. Tocci, Neal S. Widmer. a8th ed. aUpper Saddle River, N.J. :bPrentice Hall,c2001. a881 p. :bill. +e2 CD-ROMs (4 3/4 in.) aAccompanying CD-ROM [1] under title: Texas instruments data sheets to accompany digital systems, CD-ROM [2] under title: Electronic workbench circuit files, CircuitMaker circuit files & student version software, demo version of CUPL to accompany digital systems, 8e. a"CUPL software activation code: Organization: extendeddemo. Serial number: 10007733". aSystem requirements for accompanying CD-ROM : Windows 95/98/NT4 or later; IBM compatible 486DX PC or later; 10MB of available hard disk space (15MB during install) and 12MB of RAM; VGA (or higher) resolution video card and monitor (color preferred). 0aDigital electronics.1 aWidmer, Neal S.02aTexas instruments data sheets to accompany digital systems.02aElectronic workbench circuit files, CircuitMaker circuit files & student version software, demo version of CUPL to accompany digital systems, 8e.